00263nam a2200121Ia 4500008004100000100001400041245001500055260002600070300000800096650001300104942000700117999001700124190216s9999||||xx |||||||||||||| ||und|| aNadan P R 0aAlakananda bPoorna Pubs Kozhikode a208 aKathakal cBK c27541d27541